000 00293nam a22001337a 4500
008 181206b xxu||||| |||| 00| 0 eng d
020 _a394336216
041 _aeng
080 _23rd
_a159.9
100 _a48
101 _aPSI
245 _aHuman Development
_cZanden,J.W.V
942 _2udc
_cBK
999 _c52937
_d52937